| 000 | 00598cab a2200229 4500 | ||
|---|---|---|---|
| 001 | X1826 | ||
| 008 | 090401t1995 xxu||||| |||| 00| 0 eng d | ||
| 035 | _a(Sirsi) u19700 | ||
| 041 | _aeng | ||
| 245 | _aComprehensive coastal directories to be published | ||
| 260 | _c1995 | ||
| 350 | _a0 | ||
| 490 |
_aCSM (Chartered Surveyor Monthly) _v4(3) January 1995, 14(1) |
||
| 650 | _aCOASTAL DIRECTORIES | ||
| 650 | _aCOASTLINE | ||
| 650 | _aDIRECTORIES | ||
| 650 | _aJNCC | ||
| 650 | _aJOINT NATURE CONSERVATION COMMITTEE | ||
| 690 | _aMARINE RESOURCES | ||
| 942 | _n0 | ||
| 948 | _c04/03/1997 | ||
| 999 |
_c13179 _d13179 |
||